<?xml version="1.0" encoding="UTF-8"?>
<record
    xmlns:xsi="http://www.w3.org/2001/XMLSchema-instance"
    xsi:schemaLocation="http://www.loc.gov/MARC21/slim http://www.loc.gov/standards/marcxml/schema/MARC21slim.xsd"
    xmlns="http://www.loc.gov/MARC21/slim">

  <leader>00636cam a2200193 a 4500</leader>
  <controlfield tag="001">000001537</controlfield>
  <controlfield tag="005">20200929145619.0</controlfield>
  <controlfield tag="008">811117s1970    fr abc        000 0 fre  </controlfield>
  <datafield tag="040" ind1=" " ind2=" ">
    <subfield code="a">DO-SdBNP</subfield>
    <subfield code="c">CarP</subfield>
    <subfield code="d">DLC</subfield>
  </datafield>
  <datafield tag="082" ind1=" " ind2=" ">
    <subfield code="a">910.202</subfield>
    <subfield code="b">C448v</subfield>
  </datafield>
  <datafield tag="245" ind1="0" ind2="0">
    <subfield code="a">Chamonix et sa vall&#xE9;e, :</subfield>
    <subfield code="b">le Mont-Blanc. /</subfield>
    <subfield code="c">Editor, Fran&#xE7;ois Monmarch&#xE9;.</subfield>
  </datafield>
  <datafield tag="260" ind1=" " ind2=" ">
    <subfield code="a">Paris, :</subfield>
    <subfield code="b">Hachette,</subfield>
    <subfield code="c">1970.</subfield>
  </datafield>
  <datafield tag="300" ind1=" " ind2=" ">
    <subfield code="a">78 p. :</subfield>
    <subfield code="b">il., mapas, retrs., ;</subfield>
    <subfield code="c">16 cm.</subfield>
  </datafield>
  <datafield tag="651" ind1=" " ind2="4">
    <subfield code="a">Chamonix-Mont-Blanc (Francia{Rpara}</subfield>
    <subfield code="9">5043</subfield>
  </datafield>
  <datafield tag="651" ind1=" " ind2="4">
    <subfield code="a">Blanc, Mont (Francia E Italia{Rpara}</subfield>
    <subfield code="9">5044</subfield>
  </datafield>
  <datafield tag="650" ind1=" " ind2="4">
    <subfield code="a">Viajes</subfield>
    <subfield code="v">GU&#xCD;AS</subfield>
    <subfield code="9">5045</subfield>
  </datafield>
  <datafield tag="700" ind1="1" ind2=" ">
    <subfield code="a">Monmarch&#xE9;, Fran&#xE7;ois,</subfield>
    <subfield code="e">ed.</subfield>
    <subfield code="9">5046</subfield>
  </datafield>
  <datafield tag="910" ind1=" " ind2=" ">
    <subfield code="a">DC</subfield>
  </datafield>
  <datafield tag="999" ind1=" " ind2=" ">
    <subfield code="c">1440</subfield>
    <subfield code="d">1440</subfield>
  </datafield>
</record>
